000 00422 a2200157 4500
005 20250627155000.0
020 _a978-0-07-255347-5
082 _a658.8 RAY
100 _aRAYPORT,J.F.
245 _aIntroduction to e-commerce
250 _a2nd Ed.
260 _aNewYork,
_bMcGraw-Hill,
_c2004.
300 _axviii,515p.:ill.;figures
_bAppendix,Glossary and Index
_c27cm
700 _aJaworski, Bernard J.
942 _2ddc
_cBKS
999 _c5731
_d5731